[Event "Vladivostok"]
[Site "Vladivostok"]
[Date "1994.??.??"]
[Round "2"]
[White "Rustemov, Alexander"]
[Black "Ivanov, Timur"]
[Result "1-0"]
[WhiteElo "2455"]
[BlackElo "2435"]

1.d4 Nf6 2.Nf3 e6 3.c4 Bb4+ 4.Bd2 Qe7 5.g3 Nc6 6.Nc3 d5 7.a3 Bxc3 8.Bxc3 O-O
9.Bg2 Rd8 10.O-O Ne4 11.Qc2 a5 12.b3 b6 13.Bb2 Bb7 14.Rac1 Rac8 15.Rfd1 f5
16.e3 Qf7 17.Ne1 Qh5 18.cxd5 exd5 19.Nd3 Ne7 20.Nf4 Qf7 21.Qe2 c6 22.a4 Ng6
23.Nd3 Nf8 24.Qe1 Nd7 25.b4 Ra8 26.b5 Rac8 27.Ba3 cxb5 28.axb5 Qe8 29.f3 Ng5
30.Bd6 Qe6 31.Bc7 Re8 32.Kf2 Qh6 33.h4 Ne6 34.Be5 Rc4 35.Bh3 Qg6 36.Bf1 Rcc8
37.Qd2 Qf7 38.Bh3 g6 39.Bd6 Nef8 40.Rxc8 Rxc8 41.Rc1 Qe8 42.Rxc8 Qxc8 43.Qc1 Qc4
44.Qxc4 dxc4 45.Nf4 c3 46.Bf1 Kg7 47.Bc4 h6 48.Ne2 c2 49.Bb3 Nf6 50.Bxc2 Bd5
51.Nc3 Bc4 52.Bc7 N8d7 53.e4 fxe4 54.fxe4 Kf7 55.Bf4 h5 56.Bd1 Ng4+ 57.Bxg4 hxg4
58.Bc7 Bb3 59.Ke3 a4 60.Nb1 Nf6 61.Na3 Bd5 62.e5 Nh5 63.Kf2 Ke6 64.Bxb6 Kf5
65.Bc5 Ke4 66.b6 Ng7 67.Nb5 Kd3 68.Nc7 Bb7 69.e6 Bc6 70.d5 Bb7 71.d6  1-0

[Event "Vladivostok"]
[Site "Vladivostok"]
[Date "1994.??.??"]
[Round "2"]
[White "Kiselev, Sergey"]
[Black "Chekhov, Valery A"]
[Result "1/2-1/2"]
[WhiteElo "2460"]
[BlackElo "2490"]

1.d4 Nf6 2.c4 e6 3.Nf3 Bb4+ 4.Bd2 Bxd2+ 5.Qxd2 d5 6.Nc3 O-O 7.Rd1 c6 8.e3 Nbd7
9.Qc2 Qe7 10.Bd3 dxc4 11.Bxc4 e5 12.O-O  1/2-1/2

[Event "Volgograd"]
[Site "Volgograd"]
[Date "1994.??.??"]
[Round "3"]
[White "Veresagin, Jurij"]
[Black "Kholmov, Ratmir D"]
[Result "1/2-1/2"]
[WhiteElo "2360"]
[BlackElo "2450"]

1.d4 Nf6 2.c4 e6 3.Nf3 Bb4+ 4.Bd2 Qe7 5.g3 Nc6 6.Bg2 Bxd2+ 7.Nbxd2 d6 8.O-O O-O
9.e4 e5 10.d5 Nb8 11.b4 c6 12.Ne1 a5 13.a3 cxd5 14.cxd5 Bg4 15.f3 Bd7 16.Rf2 Rc8
17.Bf1 b5 18.Nb3 axb4 19.axb4 Ra4 20.Rxa4 bxa4 21.Na5 Qd8 22.Nc4 Ne8 23.Nc2 f5
24.exf5 Bxf5 25.N2e3 Bd7 26.f4 exf4 27.Rxf4 Na6 28.Qf3 Nf6 29.Nxd6 Rc1 30.Nef5 Qb6+
31.Kg2 Bxf5 32.Nxf5 Nxb4 33.Nh6+ Kf8 34.Ng4 Rxf1 35.Kxf1 Qb5+ 36.Kg1 Nxd5  1/2-1/2

[Event "Werfen op"]
[Site "Werfen"]
[Date "1994.??.??"]
[Round "?"]
[White "Usachyi, Mark"]
[Black "Blehm, Pawel"]
[Result "1/2-1/2"]
[WhiteElo "2315"]
[BlackElo "2115"]

1.Nf3 Nf6 2.d4 e6 3.c4 Bb4+ 4.Bd2 c5 5.e3 O-O 6.Bxb4 cxb4 7.Bd3 d6 8.Qc2 Nbd7
9.a3 bxa3 10.Rxa3 b6 11.O-O Bb7 12.Nbd2 Qc7 13.Rfa1 a6 14.Ng5 h6 15.Nge4 Nxe4
16.Bxe4 f5 17.Bxb7 Qxb7 18.b4 Kh8 19.Qa2 Nb8 20.b5 a5 21.c5 dxc5 22.Qxe6 cxd4
23.exd4 Nd7 24.Qc6 Qa7 25.Rc1 Nf6 26.Nf3 Kh7 27.Ne5 Qe7 28.Rac3 Rfc8 29.Qxb6 Rab8
30.Qxa5 Ra8 31.Rxc8 Rxa5 32.Rh8+ Kxh8 33.Ng6+ Kh7 34.Nxe7 Rxb5 35.f3 f4 36.g3 fxg3
37.hxg3 Rb3 38.Kf2 Rb2+ 39.Ke3 Rb3+ 40.Kf2 Rb2+ 41.Ke3 Rb3+ 42.Ke2 Nh5 43.Nf5 Kg6
44.Rc5 Kf6 45.Nxh6 Nxg3+ 46.Kf2 Nh1+ 47.Kg2 gxh6 48.Rh5 Rd3 49.Rxh6+ Kg5
50.Rxh1  1/2-1/2

[Event "CAN-op"]
[Site "Winnipeg"]
[Date "1994.??.??"]
[Round "5"]
[White "Nickoloff, Bryon"]
[Black "Petursson, Margeir"]
[Result "0-1"]
[WhiteElo "2380"]
[BlackElo "2550"]

1.d4 Nf6 2.c4 e6 3.Nf3 Bb4+ 4.Bd2 c5 5.Bxb4 cxb4 6.e3 O-O 7.Be2 b6 8.O-O Bb7
9.Nbd2 d6 10.Ne1 Qc7 11.Bf3 Nbd7 12.Rc1 Rac8 13.Nc2 a5 14.a3 b3 15.Ne1 a4
16.Nd3 e5 17.Nb4 Qb8 18.Bxb7 Qxb7 19.Qf3 Qxf3 20.Nxf3 Rc7 21.Nd2 exd4 22.exd4 Ra8
23.Rc3 Nb8 24.Re1 Kf8 25.Kf1 Nc6 26.Rd3 Nxb4 27.axb4 b5 28.cxb5 Nd5 29.Nb1 Nxb4
30.Rd2 Nc2 31.Red1 Rb8 32.Nc3 Rxc3 33.bxc3 Na3 34.Re1 Nc4 35.Rde2 a3  0-1

[Event "ARM-ch"]
[Site "Yerevan"]
[Date "1994.??.??"]
[Round "?"]
[White "Kalantarian, Norik"]
[Black "Mnatsakanian, Eduard A"]
[Result "1/2-1/2"]
[WhiteElo "2365"]
[BlackElo "2390"]

1.d4 Nf6 2.c4 e6 3.Nf3 Bb4+ 4.Bd2 Qe7 5.g3 O-O 6.Bg2 Bxd2+ 7.Nbxd2 d6 8.O-O e5
9.e4 a5 10.h3 c5 11.d5 Bd7 12.Ne1 b5 13.b3 Ne8 14.f4 f6 15.a4 bxa4 16.bxa4 Na6
17.f5 Rb8 18.Rf2 Nec7 19.Nb1 Na8 20.Nc3 Nb6 21.Bf1 Nb4 22.Ng2 g5 23.Ne3 Kg7
24.Be2 Be8 25.Rh2 Kh8 26.Nb5 Rc8 27.Kf2 Rg8 28.Ke1 Rd8 29.Kd2 Qf7 30.g4 Bxb5
31.axb5 a4 32.Ra3 Ra8 33.Ke1 Qa7 34.Kf1 Qg7 35.Qe1 Ra7 36.Kg1 Qe7 37.Qd2 Qg7
38.Rg2 Qh6 39.Kh2 Qg7 40.Nf1 Qe7 41.Kg1 Qd8 42.Ne3 Qe7 43.Nd1 Qg7 44.Nc3 Qh6
45.Kh2 Qh4 46.Nd1 Qh6 47.Ne3 Qh4 48.Rg3 Qh6 49.Nd1 Qf8 50.Nc3 Qh6 51.Rg1 Qg7
52.Rga1 Rga8 53.Nb1 Qh6 54.Kg2 Qg7 55.Kg1 Qe7 56.Kh2 Qg7 57.Kg2 Qe7 58.Qb2 Qc7
59.Rg3 Rg8 60.Na3 Qe7 61.Qd2 Qd8 62.Rh1 Qa8 63.Kf1 Rf7 64.Ke1 Qa7 65.Kd1 Qe7
66.Rg2 Qa7 67.Kc1 Qc7 68.Kb2 Qa7 69.Rgh2 Qc7 70.Rg2 Qe7 71.Rg3 Qd8 72.Ra1 Ra7
73.Nb1 Qe7 74.Ka3 Qd8 75.Nc3 Qe7 76.Rh1 Qd8 77.Rg2 Qf8 78.Rgh2 Qa8 79.Nd1 Rf7
80.Nf2 Qa5 81.Rf1  1/2-1/2

[Event "Zalakaros op"]
[Site "Zalakaros"]
[Date "1994.??.??"]
[Round "4"]
[White "Chetverik, Maxim"]
[Black "Loginov, Valery A"]
[Result "0-1"]
[WhiteElo "2305"]
[BlackElo "2540"]

1.d4 Nf6 2.c4 e6 3.Nf3 Bb4+ 4.Bd2 Qe7 5.g3 Nc6 6.Nc3 O-O 7.Bg2 Bxc3 8.Bxc3 Ne4
9.Rc1 d6 10.d5 Nd8 11.dxe6 Nxe6 12.Bb4 a5 13.Ba3 f5 14.O-O Kh8 15.b3 b6 16.Bb2 Bb7
17.Nd4 Nxd4 18.Qxd4 Rf6 19.Rcd1 Re6 20.Rfe1 Rf8 21.Bf3 f4 22.Ba1 fxg3 23.hxg3 c5
24.Qb2 Rg6 25.Kg2 Nxg3 26.fxg3 Qg5  0-1

[Event "Zalakaros op"]
[Site "Zalakaros"]
[Date "1994.??.??"]
[Round "6"]
[White "Horvath, Julia"]
[Black "Loginov, Valery A"]
[Result "0-1"]
[WhiteElo "2250"]
[BlackElo "2540"]

1.d4 Nf6 2.c4 e6 3.Nf3 Bb4+ 4.Bd2 Qe7 5.g3 Nc6 6.Bg2 Bxd2+ 7.Nbxd2 d6 8.O-O O-O
9.e4 e5 10.d5 Nb8 11.b4 Bg4 12.Qc2 Nbd7 13.Nb3 Bxf3 14.Bxf3 b6 15.c5 bxc5
16.bxc5 a5 17.a4 Rfb8 18.c6 Nc5 19.Nxc5 dxc5 20.Rfc1 Ne8 21.Qxc5 Qxc5 22.Rxc5 Nd6
23.Bg2 Kf8 24.f3 Rb3 25.Ra2 Ke7 26.g4 Nc8 27.Kf2 Kd6 28.Rcc2 Rab8 29.Bf1 R8b4
30.Bc4 Rb1 31.Bb5 Ne7 32.h4 Ng6 33.h5 Nf4 34.Bf1 h6 35.Rd2 Rb8 36.Rdc2 g6
37.hxg6 fxg6 38.Rd2 h5 39.gxh5 gxh5 40.Bb5 h4 41.Ke3 Rb3+ 42.Kf2 h3 43.Kg3 Rg8+
44.Kh2 Rxf3 45.Rab2 Rg2+  0-1

[Event "Zuerich op"]
[Site "Zuerich"]
[Date "1994.??.??"]
[Round "?"]
[White "Cvitan, Ognjen"]
[Black "Rogers, Ian"]
[Result "1/2-1/2"]
[WhiteElo "2585"]
[BlackElo "2560"]

1.Nf3 Nf6 2.c4 e6 3.d4 Bb4+ 4.Bd2 Qe7 5.g3 Nc6 6.Nc3 Bxc3 7.Bxc3 Ne4 8.Rc1 d6
9.d5 Nxc3 10.Rxc3 Nb8 11.dxe6 fxe6 12.Bg2 O-O 13.O-O Nd7 14.Nd4 Nf6 15.e4 e5
16.Nc2 Bg4 17.Qd2 c6 18.Ne3 Be6 19.Rd1 Ne8 20.b4 c5 21.a3 Rb8 22.Rd3 b6 23.b5 Rd8
24.h4 Rf6 25.a4 Qf7 26.Qc2 a5 27.bxa6 Qa7 28.Nf5 Qxa6 29.Nxd6 Nxd6 30.Rxd6 Rxd6
31.Rxd6 Qxc4 32.Qb2 Qa2 33.Rxb6 Qxb2 34.Rxb2 c4 35.a5 Bd7 36.Bf1 Rc6 37.a6 c3
38.a7 Rc8 39.Rb8 c2 40.a8=Q c1=Q 41.Qd5+ Kh8 42.Qxe5 h6 43.Qf4 Qxf4 44.Rxc8+ Bxc8
45.gxf4 Kg8 46.f5 Bb7 47.Bd3 Kf7 48.Kg2 Kf6 49.Kf3 Bc6 50.Kf4 Ba4 51.e5+ Ke7
52.Be2 Bc6 53.Bc4 Ba4 54.Kg4 Be8 55.f6+ gxf6 56.Kf5 fxe5 57.Kxe5 Bh5 58.Kf5 Be8
59.Be2 Bf7 60.Ke5 Be8 61.Bc4 Bh5 62.f4 Be8 63.f5 Bh5 64.f6+ Kf8 65.Kf5 Be8
66.f7  1/2-1/2

[Event "London SCCU op"]
[Site "London"]
[Date "1995.08.??"]
[Round "6"]
[White "Sands, David"]
[Black "Martin, Benjamin"]
[Result "1/2-1/2"]
[WhiteElo "2235"]
[BlackElo "2360"]

1.d4 Nf6 2.c4 e6 3.Nf3 Bb4+ 4.Bd2 Qe7 5.g3 b6 6.Bg2 Bb7 7.O-O O-O 8.Nc3 d6
9.Qc2 c5 10.dxc5 bxc5 11.Rad1 Rd8 12.Bg5 Bxc3 13.Qxc3 Nbd7 14.Ne1 Bxg2 15.Kxg2 Ne5
16.Bxf6 Qxf6 17.Nf3 Ng4 18.Qxf6 Nxf6 19.Rd2 Kf8 20.Rfd1 Ke7 21.Ne1 Rab8 22.Nd3 Rdc8
23.Rc1 Rb6 24.e3 Nd7 25.Rdc2 Rcb8 26.Rd1 Ra6 27.b3 Ra3 28.Kf1 a5 29.Ke2 a4
30.Nc1 axb3 31.axb3 Ne5 32.Rdd2 Ra1 33.Rc3 Nc6 34.Rb2 Rba8 35.Nd3 R1a3 36.h4 f5
37.Kd2 Rb8 38.Ke2 Rb6 39.Kd2 Ra8 40.Rc1 Ra3 41.Rc3 Ra7 42.Nf4 g6 43.Kd1 Ra3
44.Kd2 Kf6 45.Kd1 h6 46.Kd2 Rba6 47.Rc1 g5 48.hxg5+ hxg5 49.Ne2 Nb4 50.Nc3 Na2
51.Re1 Nxc3 52.Kxc3 Ra1 53.Rxa1 Rxa1 54.b4 cxb4+ 55.Kxb4 g4 56.Rd2 Ke5 57.Kb5 Rc1
58.Kb4 Rb1+ 59.Ka5 Rb8 60.Ka4 Rc8 61.Kb5 Rc7 62.Kb4 Rc5 63.Rd4 Rc8 64.Rd2 Rb8+
65.Ka5 Rb1 66.Ka4 Rc1 67.Kb5  1/2-1/2

[Event "Donner mem op"]
[Site "Amsterdam"]
[Date "1995.??.??"]
[Round "2"]
[White "Delemarre, Jop"]
[Black "Rytshagov, Mikhail"]
[Result "0-1"]
[WhiteElo "2320"]
[BlackElo "2475"]

1.d4 Nf6 2.c4 e6 3.Nf3 Bb4+ 4.Bd2 Qe7 5.g3 Nc6 6.Nc3 O-O 7.Bg2 Na5 8.b3 b6
9.O-O Bb7 10.Qc2 Rac8 11.Rfe1 c5 12.dxc5 Bxc5 13.e4 Ng4 14.Nd1 Nc6 15.Bc3 d6
16.a3 Nge5 17.Qd2 Qf6 18.Ng5 h6 19.Nh3 Nd4 20.Bxd4 Bxd4 21.Ra2 a5 22.Nf4 Bc5
23.Nc3 Bc6 24.Nd3 Rfd8 25.Qc2 Bd4 26.Ne2 Nxd3  0-1

[Event "Ano Liosia op"]
[Site "Ano Liosia"]
[Date "1995.??.??"]
[Round "7"]
[White "Boensch, Uwe"]
[Black "Tzoumbas, Anastasios"]
[Result "1/2-1/2"]
[WhiteElo "2550"]
[BlackElo "2360"]

1.d4 Nf6 2.c4 e6 3.Nf3 Bb4+ 4.Bd2 c5 5.Bxb4 cxb4 6.g3 b6 7.Bg2 Bb7 8.O-O O-O
9.Qb3 a5 10.a3 Na6 11.Nbd2 d6 12.Rfd1 Qd7 13.axb4 Nxb4 14.Nf1 Rfc8 15.Ne3 Rab8
16.Bh3 Bxf3 17.exf3 d5 18.f4 dxc4 19.Nxc4 Qd5 20.Rac1 g6 21.Bg2 Qd8 22.h3 Rc7
23.Rb1 Nfd5 24.Ne3 b5 25.Nxd5 Nxd5 26.Rbc1 a4 27.Qd3 b4 28.Rc5 Rd7 29.Qc4 a3
30.bxa3 bxa3 31.Ra1 Nb6 32.Qc1 Rxd4 33.Qxa3 Ra4  1/2-1/2

[Event "Antwerp op"]
[Site "Antwerp"]
[Date "1995.??.??"]
[Round "3"]
[White "Delemarre, Jop"]
[Black "Winants, Luc"]
[Result "0-1"]
[WhiteElo "2320"]
[BlackElo "2480"]

1.d4 Nf6 2.c4 e6 3.Nf3 Bb4+ 4.Bd2 a5 5.g3 d6 6.Bg2 Nbd7 7.Nc3 e5 8.O-O exd4
9.Nxd4 O-O 10.a3 Bc5 11.Nf3 Re8 12.Qc2 h6 13.Rac1 Nb6 14.Nd1 a4 15.Bb4 Bxb4
16.axb4 c6 17.Nd4 Bd7 18.Ne3 Ng4 19.Nxg4 Bxg4 20.b5 Qf6 21.Qd3 c5 22.Nc2 Bf5
23.e4 Be6 24.Ne3 Qxb2 25.Qxd6 Nxc4 26.Qxc5 Nd2 27.e5 Nxf1 28.Rxf1 a3 29.Nd1 Qd2
30.Qc3 Qxc3 31.Nxc3 a2 32.Ra1 Ra3 33.Nd5 Rb3  0-1

[Event "Antwerp op"]
[Site "Antwerp"]
[Date "1995.??.??"]
[Round "9"]
[White "Docx, Stefan"]
[Black "Winants, Luc"]
[Result "1/2-1/2"]
[WhiteElo "2295"]
[BlackElo "2480"]

1.d4 Nf6 2.c4 e6 3.Nf3 Bb4+ 4.Bd2 a5 5.g3 d6 6.Bg2 Nbd7 7.Nc3 e5 8.O-O exd4
9.Nxd4 O-O 10.Nd5 Bxd2 11.Qxd2 c6 12.Ne3 Nb6 13.Rfd1 d5 14.cxd5 Nbxd5 15.Nxd5 cxd5
16.Qd3 Qe7 17.Rac1 Qb4  1/2-1/2

[Event "ARG-ch"]
[Site "?"]
[Date "1995.??.??"]
[Round "6"]
[White "Morovic Fernandez, Ivan"]
[Black "Dorin, Mauricio"]
[Result "1-0"]
[WhiteElo "2585"]
[BlackElo "2295"]

1.d4 Nf6 2.c4 e6 3.Nf3 Bb4+ 4.Bd2 Be7 5.Nc3 d5 6.Bg5 Ne4 7.Bxe7 Qxe7 8.Rc1 Nxc3
9.Rxc3 c6 10.e3 O-O 11.Qc2 Nd7 12.Bd3 g6 13.O-O Re8 14.Rd1 Kg7 15.h3 a6 16.Qb1 dxc4
17.Rxc4 c5 18.dxc5 Nxc5 19.Qc2 b6 20.b4 Nxd3 21.Rxd3 e5 22.Qc3 Kg8 23.Rc7 Qf6
24.e4 Qf4 25.g3 Qf6 26.h4 h6 27.Rc6 Be6 28.Rxb6 Rac8 29.Qd2 Qg7 30.Rc3 Rcd8
31.Qe2 a5 32.bxa5 Bg4 33.a6 Qf8 34.Kg2 Qe7 35.Qe3 Bxf3+ 36.Qxf3 Rd7 37.h5 Rd6
38.Rb7 Qe6 39.a7 Ra6 40.Ra3 Rf8 41.Rb8  1-0

[Event "ARG-ch"]
[Site "?"]
[Date "1995.??.??"]
[Round "8"]
[White "Tempone, Marcelo"]
[Black "Dorin, Mauricio"]
[Result "1-0"]
[WhiteElo "2435"]
[BlackElo "2295"]

1.d4 Nf6 2.Nf3 e6 3.c4 Bb4+ 4.Bd2 Qe7 5.g3 b6 6.Bg2 Bb7 7.O-O Bxd2 8.Qxd2 d6
9.Qc2 O-O 10.Nc3 c5 11.e4 cxd4 12.Nxd4 Rc8 13.Qe2 Nc6 14.Nc2 a6 15.Rfd1 Ne5
16.Ne3 Qc7 17.Rac1 Ned7 18.Qd2 Ne8 19.h3 Ra7 20.Kh2 Qb8 21.b4 Ba8 22.a4 Bc6
23.Rb1 Qa8 24.f4 Rac7 25.c5 Bb7 26.Nc4 dxc5 27.b5 a5 28.Qe3 Qa7 29.Rb2 Nf8
30.Rbd2 Ba8 31.e5 Bxg2 32.Kxg2 Rd7 33.Rxd7 Nxd7 34.Qd3 Nf8 35.Ne4 f5 36.Ned6 Nxd6
37.Qxd6 Qb7+ 38.Kf2 Rb8 39.Qc6 Qf7 40.Rd6 Qh5 41.h4 h6 42.Qf3 Qf7 43.Nxb6 g5
44.Nc4 gxh4 45.gxh4 Kh7 46.h5 Qe7 47.Qg3 Rd8 48.Ke2 Rd7 49.Qg2 Qe8 50.Rxd7+ Nxd7
51.Qf3 Nf8 52.Nd6 Qd8 53.Qb7+ Kg8 54.Qf7+ Kh8 55.b6 Nd7 56.Qg6  1-0

[Event "Juan Fontclara mem"]
[Site "Asuncion"]
[Date "1995.??.??"]
[Round "5"]
[White "Minzer, Claudio Javier"]
[Black "Valiente, Cristobal"]
[Result "1/2-1/2"]
[WhiteElo "2385"]
[BlackElo "2335"]

1.d4 Nf6 2.c4 e6 3.Nf3 Bb4+ 4.Bd2 Qe7 5.g3 Nc6 6.Bg2 Bxd2+ 7.Nbxd2 d6 8.e4 e5
9.d5 Nb8 10.O-O O-O 11.Ne1  1/2-1/2

[Event "AUT-chT2O 9495"]
[Site "?"]
[Date "1995.??.??"]
[Round "?"]
[White "Eperjesi, Laszlo"]
[Black "Lechtynsky, Jiri"]
[Result "1/2-1/2"]
[WhiteElo "2350"]
[BlackElo "2415"]

1.d4 Nf6 2.Nf3 e6 3.c4 Bb4+ 4.Bd2 Qe7 5.g3 Nc6 6.Nc3 Bxc3 7.Bxc3 Ne4 8.Rc1 d6
9.Bg2 O-O 10.O-O a5 11.Ne1 Nxc3 12.Rxc3 Bd7 13.d5 Nd8 14.Qc2  1/2-1/2

[Event "AUT-chT2O 9495"]
[Site "?"]
[Date "1995.??.??"]
[Round "?"]
[White "Lehner, Oliver"]
[Black "Eisterer, Heinrich"]
[Result "0-1"]
[WhiteElo "2285"]
[BlackElo "2360"]

1.d4 Nf6 2.c4 e6 3.Nf3 Bb4+ 4.Bd2 a5 5.g3 d6 6.Bg2 Nbd7 7.O-O e5 8.Nc3 c6
9.dxe5 dxe5 10.Qc2 O-O 11.Rad1 Qc7 12.Nh4 Re8 13.Nf5 Bf8 14.h3 h6 15.g4 Nc5
16.Bc1 e4 17.Nd4 g6 18.f3 Qg3 19.fxe4 Qe5 20.Bf4 Qe7 21.e5 Nfd7 22.Qc1 Nxe5
23.b3 g5 24.Bg3 Bg7 25.Nf5 Bxf5 26.Rxf5 Rad8 27.Rdf1 Ng6 28.R1f3 Bxc3 29.Qxc3 Ne4
30.Qxa5 Nxg3 31.Rxg3 Nf4 32.Kh2 Nxe2 33.Rgf3 Qd6+ 34.Kh1 Ng3+ 35.Kg1 Nxf5
36.Qxf5 Qd4+ 37.Kh1 Re1+ 38.Bf1 Qd7 39.Qf6 Re6 40.Qf5 Rd6 41.Qa5 Rd1 42.Qc3 Qd4
43.Qc2 Qe5 44.Rf2 R8d3  0-1

[Event "AUT-chT9495"]
[Site "?"]
[Date "1995.??.??"]
[Round "?"]
[White "Farago, Ivan"]
[Black "Robatsch, Karl"]
[Result "1-0"]
[WhiteElo "2510"]
[BlackElo "2410"]

1.d4 Nf6 2.c4 e6 3.Nf3 Bb4+ 4.Bd2 Bxd2+ 5.Qxd2 b6 6.g3 Bb7 7.Bg2 c5 8.d5 exd5
9.Nh4 Ne4 10.Qc2 Qf6 11.O-O g5 12.cxd5 Nd6 13.Nf3 Bxd5 14.Nc3 Bc6 15.Rad1 h6
16.Qd3 Nf5 17.Nd5 Bxd5 18.Qxd5 Nc6 19.Ne5 Nxe5 20.Qxa8+ Ke7 21.Qe4 Nd6 22.Qd5 Qe6
23.Qd2 Rd8 24.Bd5 Qf6 25.b3 g4 26.Kh1 Nb5 27.f4 gxf3 28.exf3 Nd4 29.Qe3 Kd6
30.Be4 Kc7 31.Rxd4 cxd4 32.Qxd4 Qd6 33.Rc1+ Nc6 34.Qc4 Kb8 35.Qxf7 Rf8 36.Qc4 Rf6
37.a4 h5 38.a5  1-0

[Event "AUT-chT9495"]
[Site "?"]
[Date "1995.??.??"]
[Round "?"]
[White "Postl, Anton"]
[Black "Balinov, Ilija"]
[Result "1/2-1/2"]
[WhiteElo "2320"]
[BlackElo "2340"]

1.d4 Nf6 2.c4 e6 3.Nf3 Bb4+ 4.Bd2 c5 5.Bxb4 cxb4 6.Nbd2 O-O 7.g3 d6 8.Bg2 Nc6
9.O-O Re8 10.e4 e5 11.d5 Nb8 12.a3 bxa3 13.Rxa3 Bg4 14.b4 Nbd7 15.Qa1 Bxf3
16.Bxf3 a6 17.Rc1 Qb6 18.Rb3 Qd4 19.Qxd4 exd4 20.Bg2 a5 21.bxa5 Nc5 22.Rb5 Nfxe4
23.Nxe4 Nxe4 24.Bxe4 Rxe4 25.Rxb7 Kf8 26.Rb5 d3 27.Rd1 Rd4 28.Kf1 d2 29.Rb2  1/2-1/2

[Event "Balatonbereny"]
[Site "Balatonbereny"]
[Date "1995.??.??"]
[Round "4"]
[White "Pinter, Jozsef"]
[Black "Anka, Emil"]
[Result "1/2-1/2"]
[WhiteElo "2565"]
[BlackElo "2410"]

1.d4 Nf6 2.c4 e6 3.Nf3 Bb4+ 4.Bd2 Qe7 5.g3 Nc6 6.Nc3 Bxc3 7.Bxc3 Ne4 8.Rc1 O-O
9.Bg2 d6 10.d5 Nxc3 11.Rxc3 Nb8 12.dxe6 fxe6 13.O-O Nd7 14.Qc2 a5 15.Nd2 Nc5
16.Ne4 Nxe4 17.Bxe4 h6 18.f4 Rb8 19.g4 Qh4 20.Rg3 Bd7 21.b3 h5 22.Qc3 hxg4
23.Qxa5 b6 24.Qd2 Rf6 25.e3 Rbf8 26.Bd3 Re8 27.Qg2 e5 28.f5 Qg5 29.e4 Rh6
30.Rxg4 Qf6 31.Rf3 Rf8 32.Rfg3 Rf7 33.c5 d5 34.c6 Bxc6 35.Rg6 Qe7 36.Rxh6 Qc5+
37.Kh1 Qc1+ 38.Bf1 Qxh6 39.exd5 Bb7 40.Qe4 Qf4 41.Qxf4 exf4 42.Rd3 Ba6  1/2-1/2

[Event "Regionalliga SO9596"]
[Site "Bayern"]
[Date "1995.??.??"]
[Round "?"]
[White "Zenker, Ulrich"]
[Black "Velicka, Petr"]
[Result "1/2-1/2"]
[WhiteElo "2215"]
[BlackElo "2400"]

1.d4 Nf6 2.c4 e6 3.Nf3 Bb4+ 4.Bd2 Qe7 5.Nc3 b6 6.g3 Bb7 7.Bg2 Ne4 8.Rc1 Nxd2
9.Qxd2 a5 10.O-O d6 11.Qd3 O-O 12.Ng5 Qxg5 13.Bxb7 Ra7 14.Be4 Bxc3 15.Rxc3 g6
16.h4 Qe7 17.Qe3 Nd7 18.Bg2 Rd8 19.Ra3 c5 20.d5 e5 21.Qh6 f5 22.e4 fxe4 23.Bxe4 Qg7
24.Qg5 Rf8 25.Rb3 Rb7 26.f3 Nf6 27.Bc2 Nh5 28.Kg2 Qf6 29.Rf2 Ng7 30.Qxf6 Rxf6
31.f4 exf4 32.Rxf4 Rxf4 33.gxf4 Kf7 34.a3 Kf6 35.Rb5 Ne8 36.Kf3 Nc7 37.Rb3 b5
38.a4 b4 39.Re3 Rb8 40.b3 Re8 41.Rxe8 Nxe8 42.Kg4 Kg7 43.Bd3 Nf6+ 44.Kg3 Ng8
45.f5 Kf6 46.fxg6 hxg6 47.Kf4 Nh6 48.Bc2 Nf7 49.Bd1 Ne5 50.Be2 Kg7 51.Kg5 Nf7+
52.Kf4 Kh6 53.Bd1 Ne5 54.Be2 Kg7 55.Kg5 Nf7+ 56.Kf4 Kf6 57.Bd1 Ne5 58.Be2 Kf7
59.Kg5 Kg7 60.h5 Nf7+ 61.Kf4 Kf6 62.hxg6 Ne5 63.g7 Ng6+ 64.Kg4 Ne5+ 65.Kh5 Kxg7
66.Kg5 Kf7 67.Kf5 Nd7 68.Bh5+ Ke7 69.Bf3  1/2-1/2

[Event "Regionalliga NO9495"]
[Site "Bayern"]
[Date "1995.??.??"]
[Round "1"]
[White "Schatz, Christian"]
[Black "Kuba, Stanislav"]
[Result "1/2-1/2"]
[WhiteElo "2160"]
[BlackElo "2280"]

1.Nf3 Nf6 2.c4 e6 3.d4 Bb4+ 4.Bd2 Bxd2+ 5.Qxd2 O-O 6.Nc3 d6 7.g3 Nc6 8.Bg2 e5
9.O-O exd4 10.Nxd4 Bd7 11.Rac1 Re8 12.Rfd1 Nxd4 13.Qxd4 Bc6 14.e3 Bxg2 15.Kxg2 Re5
16.Qxe5 dxe5 17.Rxd8+ Rxd8 18.Kf3  1/2-1/2

[Event "Regionalliga NW9495"]
[Site "Bayern"]
[Date "1995.??.??"]
[Round "3"]
[White "Neubert, Marcus"]
[Black "Becker, Thomas"]
[Result "1-0"]
[WhiteElo "2060"]
[BlackElo "2120"]

1.d4 Nf6 2.Nf3 e6 3.c4 Bb4+ 4.Bd2 a5 5.g3 b6 6.Bg2 Bb7 7.O-O O-O 8.Bf4 Be7
9.Nc3 Nh5 10.Bd2 f5 11.d5 Bf6 12.Ne1 g6 13.Nd3 Ng7 14.e4 fxe4 15.Nxe4 Bd4
16.Bc3 Bxc3 17.Nxc3 Na6 18.Qd2 Rb8 19.Rae1 Bc8 20.Ne5 Nc5 21.f4 Nf5 22.a3 Ne7
23.b4 axb4 24.axb4 Nb7 25.dxe6 dxe6 26.Qxd8 Rxd8 27.Rd1 Rxd1 28.Rxd1 Nd6
29.Ra1 Bb7 30.Ra7 Bxg2 31.Kxg2 Rb7 32.Ra8+ Kg7 33.Kf3 Nf7 34.Nxf7 Kxf7 35.b5 Nf5
36.Ne4 Nd6 37.Ng5+ Ke7 38.Rh8 Nxc4 39.Rxh7+ Kd6 40.Ne4+ Kd5 41.Rd7+  1-0

[Event "Regionalliga SO9495"]
[Site "Bayern"]
[Date "1995.??.??"]
[Round "3"]
[White "Kreuzer, Klaus"]
[Black "Hartl, Aldo"]
[Result "1/2-1/2"]
[WhiteElo "2090"]
[BlackElo "2080"]

1.d4 Nf6 2.c4 e6 3.Nf3 Bb4+ 4.Bd2 Qe7 5.g3 Nc6 6.Bg2 Bxd2+ 7.Nbxd2 a5 8.O-O d6
9.e4 e5 10.d5 Nb8 11.Ne1 O-O 12.Nd3 Bd7 13.Qc2 c6 14.Rfc1 Na6 15.Qc3 cxd5  1/2-1/2

[Event "Benasque"]
[Site "Benasque"]
[Date "1995.??.??"]
[Round "3"]
[White "Komarov, Dimitri"]
[Black "Izeta Txabarri, Felix"]
[Result "1-0"]
[WhiteElo "2575"]
[BlackElo "2495"]

1.d4 Nf6 2.c4 e6 3.Nf3 Bb4+ 4.Bd2 c5 5.Bxb4 cxb4 6.g3 b6 7.Bg2 Bb7 8.O-O O-O
9.Qd3 d6 10.Nbd2 Nbd7 11.e4 e5 12.Ne1 Re8 13.Nc2 a5 14.Ne3 Qc7 15.Rfe1 exd4
16.Qxd4 Qc5 17.Nf5 Rad8 18.Qxd6 Nxe4 19.Bxe4 Bxe4 20.Rxe4 Qxf5 21.g4 Re6
22.Qxd7 Qf6 23.Qa4 Qxb2 24.Rd1 b3 25.Nf1 Rf8 26.Rxe6 fxe6 27.Rd2  1-0

[Event "Benasque"]
[Site "Benasque"]
[Date "1995.??.??"]
[Round "9"]
[White "Garcia Ilundain, David"]
[Black "Lalic, Bogdan"]
[Result "1/2-1/2"]
[WhiteElo "2510"]
[BlackElo "2590"]

1.d4 Nf6 2.Nf3 e6 3.c4 Bb4+ 4.Bd2 c5 5.Bxb4 cxb4 6.g3 b6 7.Bg2 Bb7 8.O-O O-O
9.a3 Qe7 10.Qb3 bxa3 11.Qxa3 d6 12.Nc3 Ne4 13.Nxe4 Bxe4 14.Ne1 Bxg2 15.Nxg2 Nc6  1/2-1/2

[Event "Berliner Sommer"]
[Site "Berlin"]
[Date "1995.??.??"]
[Round "2"]
[White "Tregubov, Pavel V"]
[Black "Federau, Juergen"]
[Result "1-0"]
[WhiteElo "2490"]
[BlackElo "2260"]

1.d4 Nf6 2.Nf3 e6 3.c4 Bb4+ 4.Bd2 Qe7 5.g3 Nc6 6.Nc3 O-O 7.Bg2 d6 8.O-O a5
9.Qc2 Bxc3 10.Bxc3 e5 11.d5 Nb8 12.Nh4 Ng4 13.e4 Kh8 14.Qe2 Nh6 15.f4 exf4
16.Qh5 f6 17.Rxf4 Nd7 18.Bh3 Qe8 19.Qe2 Ne5 20.Bxc8 Qxc8 21.Raf1 Qe8 22.R4f2 Qe7
23.Bd2 Nhf7 24.Qe1 b6 25.Re2 Rae8 26.Nf3 Qd7 27.Nd4 Ng4 28.b3 Nge5 29.Rf5 Nd8
30.Qf1 Ng6 31.Bc3 Ne7 32.Rh5 Qg4 33.Rh4 Qd7 34.Rf4 Ng6 35.Rf5 Ne7 36.Rf3 Qg4
37.h3 Qd7 38.g4 Ng6 39.Qf2 Ne5 40.Rf5 Qe7 41.Qg3 Nef7 42.h4 Ne5 43.Rf1 Qd7
44.Rg2 Nef7 45.g5 fxg5 46.hxg5 Ne5 47.Rxf8+ Rxf8 48.Nf5 Ndf7 49.g6 hxg6 50.Qh4+ Nh6
51.Bxe5 dxe5 52.Nxh6 gxh6 53.Qxh6+ Qh7 54.Qxf8+  1-0

[Event "Berliner Sommer"]
[Site "Berlin"]
[Date "1995.??.??"]
[Round "4"]
[White "Heinbuch, Detlef"]
[Black "Krogius, Nikolai V"]
[Result "0-1"]
[WhiteElo "2355"]
[BlackElo "2485"]

1.d4 Nf6 2.Nf3 e6 3.c4 Bb4+ 4.Bd2 a5 5.a3 Bxd2+ 6.Nbxd2 d5 7.e3 O-O 8.Bd3 Nbd7
9.Qc2 dxc4 10.Bxc4 c5 11.O-O cxd4 12.Nxd4 Nb6 13.Ba2 Bd7 14.Ne4 e5 15.Ne2 Ba4
16.Nxf6+ Qxf6 17.Bb3 Rac8 18.Nc3 Bc6 19.Qe2 Rcd8 20.Rfd1 g6 21.Rxd8 Rxd8
22.Rd1 Kg7 23.f3 Qe7 24.Rxd8 Qxd8 25.e4 Qg5 26.Kf2 Qc1 27.Qc2 Qh6 28.h3 Qh4+
29.Kf1 Qg5 30.Kf2 Qd8 31.Qd1 Nd7 32.Nd5 Nc5 33.Ba2 Ne6 34.Qd2 Nd4 35.Bc4 b5
36.Ba2 f5 37.Qc3 fxe4 38.fxe4 Qh4+ 39.Kg1 Ne2+  0-1

[Event "Berliner Sommer"]
[Site "Berlin"]
[Date "1995.??.??"]
[Round "6"]
[White "Delander, Adolf"]
[Black "Krogius, Nikolai V"]
[Result "0-1"]
[WhiteElo "2335"]
[BlackElo "2485"]

1.d4 Nf6 2.Nf3 e6 3.c4 Bb4+ 4.Bd2 a5 5.e3 b6 6.Bd3 Bb7 7.a3 Be7 8.Bc3 O-O
9.Nbd2 d5 10.Qc2 Nbd7 11.O-O c5 12.b3 Rc8 13.a4 cxd4 14.exd4 Qc7 15.Ne5 g6
16.f4 Rfd8 17.Ndf3 Ne4 18.Bxe4 dxe4 19.Nd2 f5 20.Rad1 Nxe5 21.fxe5 Bg5 22.Rde1 Rd7
23.Nb1 Qd8 24.Qb2 e3 25.Na3 f4 26.Nb5 Bc6 27.Nd6 Rxd6 28.exd6 Qxd6 29.Qe2 Rf8
30.Qd3 Rf5 31.Re2 Bf6 32.Ba1 Bb7 33.g4 fxg3 34.Qxe3 gxh2+ 35.Rxh2 Rg5+ 36.Qxg5 Bxg5
37.Rh3 Be4 38.Bc3 Bf5 39.Rhf3 Bf6 40.d5 Bxc3 41.Rxc3 exd5 42.cxd5 Qxd5  0-1

[Event "Berliner Sommer"]
[Site "Berlin"]
[Date "1995.??.??"]
[Round "7"]
[White "Manor, Ilan"]
[Black "Wahls, Matthias"]
[Result "0-1"]
[WhiteElo "2480"]
[BlackElo "2550"]

1.d4 Nf6 2.c4 e6 3.Nf3 Bb4+ 4.Bd2 Qe7 5.g3 Nc6 6.Nc3 Bxc3 7.Bxc3 Ne4 8.Rc1 O-O
9.Bg2 d6 10.O-O Nxc3 11.Rxc3 e5 12.d5 Nb8 13.Nd2 a5 14.c5 Na6 15.cxd6 cxd6
16.Nc4 Qd8 17.Qb3 Nc5 18.Qc2 b6 19.b3 Ba6 20.a3 f5 21.Nb2 Bb5 22.Re1 Qf6
23.b4 axb4 24.axb4 Na6 25.Qd2 Rfc8 26.e4 Rxc3 27.Qxc3 Rf8 28.Bf1 Bxf1 29.Rxf1 fxe4
30.Nd1 Qd8 31.Qc4 Nc7 32.Nc3 Qd7 33.Qxe4 Ne8 34.Qc4 Nf6 35.Qc6 Qh3  0-1